Vista normal
Vista MARC
Entrada Personal Name
Número de registros utilizados en: 1
001 - CONTROL NUMBER
- control field: 9233
003 - CONTROL NUMBER IDENTIFIER
- control field: DLC
005 - DATE AND TIME OF LATEST TRANSACTION
- control field: 20210528134603.0
008 - FIXED-LENGTH DATA ELEMENTS
- fixed length control field: 020927n| acannaabn |n aaa c
010 ## - LIBRARY OF CONGRESS CONTROL NUMBER
- LC control number: no2002088919
035 ## - SYSTEM CONTROL NUMBER
- System control number: (OCoLC)oca05874762
040 ## - CATALOGING SOURCE
- Original cataloging agency: FU
- Language of cataloging: spa
- Transcribing agency: Mx-PuUPA
- Modifying agency: Mx-PuUPA
- Description conventions: rda
100 1# - HEADING--PERSONAL NAME
- Personal name: Gutiérrez, Lucinda,
372 ## - FIELD OF ACTIVITY
- Field of activity: Traducción español/inglés e inglés/español. Escritura, edición, coordinación y cuidado editorial en ambos idiomas
373 ## - ASSOCIATED GROUP
- Associated group: Universidad Nacional Autónoma
- Associated group: Universidad Nacional Autónoma de México
374 ## - OCCUPATION
- Occupation: Autor
- Occupation: Editora, traductora, escritora, correctora de estilo en inglés y español
- Occupation: Investigadora inconográfica
375 ## - GENDER
- Gender: mujer
377 ## - ASSOCIATED LANGUAGE
- Language code: spa
670 ## - SOURCE DATA FOUND
- Source citation: La revista Orígenes y la vanguardia cubana, 2000:
- Information found: verso t.p. (Lucinda Gutiérrez)
670 ## - SOURCE DATA FOUND
- Source citation: La puerta abierta : reflexiones cobre la actuación y el teatro
- Information found: portada (Lucinda Gutiérrez)